Varovné systémy Európskej únie bakalárska práca

Saved in:
Bibliographic Details
Main Author: Urban, Jozef
Corporate Author: Národohospodárska fakulta EU. Katedra hospodárskej politiky
Other Authors: Fifeková, Elena
Format: Book
Language:Slovak
Published: Bratislava 2013
Tags: Add Tag
No Tags, Be the first to tag this record!

MARC

LEADER 00000nbm a2200000 4500
001 0172500
005 20161109112056.9
041 0 |a slo 
044 |a SK 
245 1 0 |a Varovné systémy Európskej únie  |b bakalárska práca  |c Jozef Urban ; školiteľ: Elena Fifeková 
264 1 |a Bratislava  |c 2013 
300 |a 47 s. 
100 1 |a Urban, Jozef 
700 1 |a Fifeková, Elena 
710 2 |a Národohospodárska fakulta EU. Katedra hospodárskej politiky